Teorie systémů I /

Hlavní autor: Malý, Jaroslav V.
Korporativní autor: Univerzita Hradec Králové. Katedra informačních technologií
Jazyk: Čeština
Vydáno: Hradec Králové : Gaudeamus, 2003
Vydání: 3. vyd.
Témata:
Externí odkaz: Digitalizovaný dokument
Fyzický popis: 67 s. : il. ; 21 cm
Knihy
Uloženo v:
LEADER 01681nam a2200409 a 4500
001 000699314
003 CZ BrMZK
005 20081111114418.0
007 ta
008 031208s2003 xr a e p 000 0 cze d
015 |a cnb001291580 
020 |a 80-7041-821-4  |q (brož.) 
035 |a (OCoLC)39317067 
040 |a BOA001  |b cze 
072 7 |a 007  |x Teorie systémů. Automatické systémy. Informační systémy. Kybernetika  |2 Konspekt  |9 23 
072 7 |a 37.016  |x Učební osnovy. Vyučovací předměty. Učebnice  |2 Konspekt  |9 22 
080 |a 007+004  |2 MRF 
080 |a 519.7/.8  |2 MRF 
080 |a (075.8)  |2 MRF 
100 1 |a Malý, Jaroslav V.  |4 aut 
245 1 0 |a Teorie systémů I /  |c Jaroslav V. Malý 
250 |a 3. vyd. 
260 |a Hradec Králové :  |b Gaudeamus,  |c 2003 
300 |a 67 s. :  |b il. ;  |c 21 cm 
500 |a 300 výt 
500 |a Nad názvem: Fakulta informatiky a managementu Univerzity Hradec Králové. Katedra informačních technologií 
500 |a Autorské údaje na obálce: Miloš Vítek 
504 |a Obsahuje bibliografii 
500 |a Dostupné též v digitální podobě v aplikaci Kramerius 
650 0 7 |a informační systémy  |7 ph114774  |2 czenas 
650 0 7 |a teorie systémů  |7 ph116432  |2 czenas 
655 7 |a učebnice vysokých škol  |7 fd133772  |2 czenas 
710 2 |a Univerzita Hradec Králové.  |b Katedra informačních technologií  |7 kn20030221001 
856 4 1 |u http://www.digitalniknihovna.cz/mzk/uuid/uuid:81ad68b0-f030-11e5-8d5f-005056827e51  |y Digitalizovaný dokument  |x NDK 
910 |a BOA001  |b 2-1126.547 
990 |a BK 
996 6 |b 2610205840  |c 2-1126.547  |l MZK  |r Sklad / do 1 hodiny  |n 9  |p p.v.  |w 000699314  |u 000010  |a 1  |e BOA001  |j MZK50  |s P